Monnaies de jeux vidéo - Click quiz - Statistiques

Statistiques générales
  • Ce quiz a été pris 172 fois
  • Le résultat moyen est 7 sur 14
Statistiques - réponses
Hint Réponse % Correct
Pokédollar Pokémon
99%
Robux Roblox
91%
Simflouz The Sims
90%
Bell (Clochette) Animal Crossing
88%
V-Buck Fortnite
85%
Kama Dofus
69%
Essence bleue League of Legends
42%
Rune Elden Ring
32%
Gil Final Fantasy
28%
Orin The Witcher
28%
Mora Genshin Impact
27%
Acier For Honor
26%
Orbe rouge Devil May Cry
25%
Orbe Précurseur Jak and Daxter
17%
Aucun quiz correspondant
Distribution des résultats
% des personnes avec chaque résultat
Percentile par nombre de réponses
Votre historique - résultats
Vous n’avez pas pris ce quiz